| 000 | 004430000a22001810004500 | ||
|---|---|---|---|
| 003 | MACL | ||
| 005 | 20151230143120.0 | ||
| 008 | 151230b xxu||||| |||| 00| 0 eng d | ||
| 040 |
_aMACL _cMACL |
||
| 041 | _aEnglish | ||
| 082 | _a320.6/MIN | ||
| 100 |
_aMinhas, B S _924938 |
||
| 245 | _aPlanning and the Poor | ||
| 260 |
_bS Chand & Company LTD _c1976 |
||
| 350 | _a25 | ||
| 650 |
_aPolitical Science _924939 |
||
| 942 |
_cBK _k320.6/MIN _2ddc |
||
| 999 |
_c33809 _d33809 |
||